02086nam a22001817a 4500003000400000005001700004008004100021020001800062040001000080100002800090245009800118260002600216300001100242520153700253600005901790700002801849700002701877OSt20240416101857.0240416s2019 ag ||||| |||| 00| 0 spa d a9789871912971 cbesoc1 aBrasca, Érica eautor aArchivo Mikielievich : bObras y colecciones /cÉrica Brasca, Ernesto Inouye, Bernardo Orge aRosario :bemr,c2019 a207 p. aLa ciudad de Rosario fue el denominador común de todos los proyectos que emprendió Wladimir C. Mikielievich (1904-1999) a lo largo de siete décadas de intensa actividad intelectual. Colaboró con numerosos diarios y revistas sobre temas históricos rosarinos; fue director general de Estadística de la Municipalidad; coordinó la junta de Nomenclatura Urbana que dio nombre a más de trescientas calles; tuvo a su cargo la organización local del Censo General de la Nación en 1947 y 1960; recabó en el Archivo General de Indias de Sevilla documentos sobre los orígenes de la ciudad; fundó y presidió la Sociedad de Historia de Rosario; elaboró un voluminoso Diccionario de Rosario de 54 tomos; conformó la colección particular de diarios y revistas locales más amplia de la que se tenga registro y consignó en un catálogo todas las publicaciones aparecidas en la ciudad desde mediados del siglo XIX hasta fines de la década de 1980; formó una biblioteca de casi siete mil volúmenes y distintas colecciones de fotografías, mapas y planos, volantes políticos, partituras, guías turísticas, postales autografiadas, etiquetas, membretes y folletos, siempre con el mismo tema. El Archivo Mikielievich es el resultado final de una vida avocada a estudiar y recopilar documentos y testimonios sobre la historia de Rosario. Este libro propone una primera aproximación a los materiales que lo componen y, al mismo tiempo, deja traslucir la visión de quien los reunió. [Nota del editor] aMikielievich, Wladimird(1904-1999)xHistoriazRosario1 aInouye, Ernesto eautor1 aOrge, Bernardo eautor